000
00353nam a2200133Ia 4500
008
151001s9999||||xx |||||||||||||| ||und||
100
_a
show Bernard
245
_a
"The inlelligent womans Guide to socialism, "
250
_a
1
260
_b
Penguin Books
260
_c
1937
300
_a
492
365
_b
8
999
_c
950362
_d
950359